00414nam a22001457a 4500003000400000005001700004008004100021050002400062100002400086245007000110260004200180300002100222521000900243650001600252OSt20140310182957.0130208t xxu||||| |||| 00| 0 eng d aHF 1416b.Ef34 1999 aEffron, Jack Edward aInternational marketing /cJack Edward Effron, Emmanuel T. Santos aMakati :bI/AME Design Studio,c1999. a150 p. :c23 cm. aBSBA aMarketing.